| 000 | 00712cam a22002171 4500 | ||
|---|---|---|---|
| 001 | sa 68015925 | ||
| 003 | DLC | ||
| 005 | 20260227112649.0 | ||
| 008 | 700701s1965 ii b b 00010 eng | ||
| 010 | _asa 68015925 //r85 | ||
| 025 | _aPL480:I-E-9128 | ||
| 050 | 0 |
_aBV3280.M25 _bR9 |
|
| 100 | 1 | 0 | _aRyerson, Charles A. |
| 245 | 1 | 0 |
_aEncounter in South India _c[by] Charles A. Ryerson III. |
| 260 | 0 |
_aBangalore, _bChristian Institute for the Study of Religion and Society; _aWashington, _bOverseas Mission Society _c[1965?] |
|
| 300 |
_axi, 97 p. _bmap. _c28 cm. |
||
| 350 | _a4.00 | ||
| 504 | _aBibliography: p. 27. | ||
| 651 | 0 |
_aTamil Nadu (India) _xDescription and travel. |
|
| 650 | 0 |
_aMissions _zTamil Nadu. |
|
| 999 |
_c86801 _d86801 |
||